Tafsīr and Islamic intellectual history (Registro nro. 298932)

Detalles MARC
000 -ENCABEZADO
Número de control [NR] 01193cam a2200325Mi 4500
005 - FECHA Y HORA DE LA ÚLTIMA TRANSACCIÓN
control field 20150325131907.0
008 - DE LONGITUD FIJA DE DATOS DE ELEMENTOS - INFORMACIÓN GENERAL
Elementos de longitud fija [NR] 150325s2014 enk fr 001 0 eng d
020 ## - NUMERO INTERNACIONAL NORMALIZADO PARA LIBROS [R]
Número Internacional Normalizado del libro [NR] 019870206X
020 ## - NUMERO INTERNACIONAL NORMALIZADO PARA LIBROS [R]
Número Internacional Normalizado del libro [NR] 9780198702061
035 ## - NUMERO DE CONTROL DEL SISTEMA [R]
Número de control del sistema [NR] (OCoLC)904248279
040 ## - FUENTE DE CATALOGACION [NR]
Agencia de catalogación original [NR] CO-BoUCM
Idioma de catalogación [NR] spa
Quien Cataloga Jose A. Gerena
Quien Clasifica Jose A. Gerena
041 0# - CODIGO DE IDIOMA [R]
Código de idioma para texto/pista de sonido o título separado [R] Inglés
245 00 - MENCION DE TITULO [NR]
Título [NR] Tafsīr and Islamic intellectual history
Parte restante del título [NR] exploring the boundaries of a genre
Mención de responsabilidad, etc. [NR] editor Andreas Görke, Johanna Pink
246 3# - FORMA VARIANTE DEL TITULO [R]
Título propiamente dicho/forma breve del título [NR] Tafsir and Islamic intellectual history
260 ## - PUBLICACION, DISTRIBUCION, ETC. (PIE DE IMPRENTA) [R]
Lugar de publicación, distribución, etc. [R] Oxford (Oxfordshire, Inglaterra)
Nombre del editor, distribuidor, etc. [R] Oxford University press
Fecha de publicación, distribución, etc. [R] 2014.
300 ## - DESCRIPCION FISICA [R]
Extensión [R] xxi, 547 páginas
490 1# - MENCION DE SERIE [R]
Mención de serie [R] Qur'anic studies series
Designación numérica/secuencial del volumen [NR] 12
504 ## - NOTA DE BIBLIOGRAFIA, ETC. [R]
Nota de bibliografía, etc. [NR] Incluye referencias bibliográficas e índices
630 #4 - ASIENTO SECUNDARIO DE MATERIA - TITULO UNIFORME [R]
Título uniforme [NR] Corán
9 (RLIN) 68098
630 #4 - ASIENTO SECUNDARIO DE MATERIA - TITULO UNIFORME [R]
Título uniforme [NR] Tasfir
9 (RLIN) 68129
650 #7 - ASIENTO SECUNDARIO DE MATERIA - TERMINO TEMATICO [R]
Término temático o nombre geográfico como elemento de entrada [NR] Corán
9 (RLIN) 11987
Subdivisión general [R] Crítica e interpretación
650 #7 - ASIENTO SECUNDARIO DE MATERIA - TERMINO TEMATICO [R]
Término temático o nombre geográfico como elemento de entrada [NR] Islam
Subdivisión general [R] Historia
9 (RLIN) 56080
650 #7 - ASIENTO SECUNDARIO DE MATERIA - TERMINO TEMATICO [R]
Término temático o nombre geográfico como elemento de entrada [NR] Teología
9 (RLIN) 25230
650 #7 - ASIENTO SECUNDARIO DE MATERIA - TERMINO TEMATICO [R]
Término temático o nombre geográfico como elemento de entrada [NR] Islam
9 (RLIN) 53553
Subdivisión general [R] Vida social y costumbres
690 ## - ASUNTO AGREGADO LOCAL DE ENTRADA - TÉRMINO TEMÁTICO (OCLC, RLIN)
9 (RLIN) 42850
Acceso temático local Iglesias
700 1# - ASIENTO SECUNDARIO - NOMBRE PERSONAL [R]
Nombre personal [NR] Görke, Andreas
Término de relación [R] editor
9 (RLIN) 68130
700 1# - ASIENTO SECUNDARIO - NOMBRE PERSONAL [R]
Nombre personal [NR] Pink, Johanna
Término de relación [R] editor
9 (RLIN) 68131
942 ## - ELEMENTOS DE ENTRADA AGREGADOS (KOHA)
Sistema de clasificación DEWEY
Tema principal Religión
Tipo de ítem principal el descrito en 300a Libro
Edición 1
Clasificación 297.1227
Parte restante de la signatura top. T197
Existencias
Total préstamos Signatura topográfica Código de barras Última vez visto Ejemplar Costo de reposición Price effective from Tipo de ítem Perdido Sistema de clasificación Dañado No prestable Tipo de ítem específico Suprimido Ubicación habitual Ubicación actual Localización Fecha de creación Proveedor Forma de adquisición Costo
  297.1227 T197 100145397 09/12/2025 Ej.1 242144.00 24/03/2015 Libro   DEWEY     Libro   Claustro Claustro 2do piso 24/03/2015 15 Compra 242144.00